Το εξωτερικό χρέος της Ελλάδος και οι επιπτώσεις του επί της εθνικής οικονομίας
Αποθηκεύτηκε σε:
| Κύριος συγγραφέας: | |
|---|---|
| Μορφή: | Βιβλίο |
| Γλώσσα: | Greek |
| Δημοσίευση: |
Αθήνα :
Εστία,
1988
|
| Θέματα: | |
| Ετικέτες: |
Προσθήκη ετικέτας
Δεν υπάρχουν, Καταχωρήστε ετικέτα πρώτοι!
|
MARC
| LEADER | 00000cam a2200000 i 4500 | ||
|---|---|---|---|
| 001 | 1/24453 | ||
| 008 | 950613s1988 gr | ||| |||| ||gre|| | ||
| 020 | |a 9600500010 | ||
| 035 | |l 10022293 | ||
| 040 | |a GR-MY-UA |b gre |e aacr | ||
| 041 | 0 | |a gre | |
| 082 | 0 | |a 336.3435 | |
| 100 | 1 | |a Γιάνναρης, Νικόλαος Β. | |
| 245 | 1 | 3 | |a Το εξωτερικό χρέος της Ελλάδος και οι επιπτώσεις του επί της εθνικής οικονομίας / |c Νικόλαος Β. Γιάνναρης |
| 260 | |a Αθήνα : |b Εστία, |c 1988 | ||
| 650 | 0 | 0 | |a Debts, Public. |
| 852 | |a INST |b CHIOS |e 19950613 |h 336.3435 ΓΙΑ |p 005200001742 |q 005200001742 |t BK |y 0 | ||
| 909 | |a Χ |b 017896 | ||